Obálka Náhled e-knihy:
PDF Epub
Pro půjčování e-knih musíte být přihlášeni.
Jak si půjčit online?

Říkali jí Kri-kri /

"Příběh ženy, která dokázala ovládnout bouři, ale ne vlastní osud" se odehrává na řeckých ostrovech v průběhu 20. století.

Uloženo v:
Hlavní autor: Wilková, Scarlett, 1969- (Autor)
Médium: E-kniha
Jazyk:Czech
Vydáno: V Praze : Motto, 2025
Vydání:1. vydání
Témata:
Tagy:
Žádné tagy
LEADER 02097nam a2200373 i 4500
001 312855
003 CZ PrSKC
005 20260601215730.0
007 ta
008 251024s2025 xr g 000 f cze
015 |a cnb003715463 
020 |a 9788026729952  |q (vázáno) :  |c Kč 449,00 
035 |a (OCoLC)1568025021 
040 |a ABG001  |b cze  |e rda 
072 7 |a 821.162.3-3  |x Česká próza  |2 Konspekt 
080 |a 821.162.3-31  |2 MRF 
080 |a (0:82-31)  |2 MRF 
100 1 |a Wilková, Scarlett,  |d 1969-  |7 xx0067867  |4 aut 
245 1 0 |a Říkali jí Kri-kri /  |c Scarlett Wilková 
250 |a 1. vydání 
264 1 |a V Praze :  |b Motto,  |c 2025 
300 |a 294 stran ;  |c 21 cm 
336 |a text  |b txt  |2 rdacontent 
337 |a bez média  |b n  |2 rdamedia 
338 |a svazek  |b nc  |2 rdacarrier 
520 2 |a "Příběh ženy, která dokázala ovládnout bouři, ale ne vlastní osud" se odehrává na řeckých ostrovech v průběhu 20. století.  |b Na sluncem zalitém řeckém ostrově vyrůstá Kri-kri, dívka divoká jako horská koza. Její svět plný svobody a vůně moře náhle zničí druhá světová válka. Z dětství zůstane jen popel, rozmetaný dívčiným nečekaným mateřstvím. Ženy jejího rodu měly vždy jen jednu dceru, ale Kri-kri v šestnácti letech přivede na svět trojčata. Osud její i jejích dětí se proplétá s historií ostrova, který i po válce bojuje o přežití tváří v tvář nové invazi - davům turistů. Nakladatelská anotace. 
655 7 |a české romány  |7 fd133974  |2 czenas 
655 9 |a Czech fiction  |2 eczenas 
900 |a ABA001  |b 19 
928 9 |a Albatros Media - Motto 
044 |a xr 
910 |a RBIT002 
998 |d 423308  |a https://core.palmknihy.cz/api/books/423308/cover?t4m94p  |b https://core.palmknihy.cz/api/books/423308/cover/400?t4m94p  |c https://core.palmknihy.cz/api/books/423308/cover/50?t4m94p  |e 2035-12-31  |g 304  |i 9788026729952  |j https://core.palmknihy.cz/api/books/423308/preview.epub  |k https://core.palmknihy.cz/api/books/423308/preview.pdf  |l   |q 49  |r 1  |s https://www.palmknihy.cz/kniha/423308  |t ebook  |y 2025  |z 0 
999 |d 312853